| 000 | 00610nam a2200229Ia 4500 | ||
|---|---|---|---|
| 003 | OSt | ||
| 005 | 20220924123615.0 | ||
| 006 | a|||||r|||| 00| 0 | ||
| 007 | ta | ||
| 008 | 220923b |||||||| |||| 00| 0 ben d | ||
| 024 | _a299498 | ||
| 037 | _cTextual | ||
| 040 |
_aARTS _cARTS _bben |
||
| 041 |
_2ben _aben |
||
| 082 | _aT.2, 157M4 | ||
| 100 |
_aBandopadhyay Mohit Kumar _9193279 |
||
| 245 | 0 | _aShiksha prasange | |
| 260 |
_aNew Delhi _b Dibyendu Hota India _c1984 |
||
| 650 | _aEDUCATION | ||
| 942 |
_hT.2, 157M4 _cTEXL _2CC |
||
| 999 |
_c416407 _d416407 |
||